|
|
|
|
| LEADER |
01608nam a2200337 u 4500 |
| 001 |
10049806 |
| 003 |
upatras |
| 005 |
20220111095323.0 |
| 008 |
040311s1999 gr gre |
| 020 |
|
|
|a 9607859170
|
| 040 |
|
|
|a GR-PaULI
|c GR-PaULI
|
| 041 |
0 |
|
|a gre
|
| 082 |
0 |
4 |
|a 709.04
|
| 100 |
1 |
|
|a Καμπουρίδης, Χάρης
|d 1950-
|9 41469
|
| 245 |
1 |
0 |
|a Νεοελληνική τέχνη 20ος αιώνας
|b ζωγραφική-χαρακτική-γλυπτική
|c Χ. Καμπουρίδης, Γ. Λεβούνης
|
| 260 |
|
|
|a Ρόδος
|b Υπουργείο Αιγαίου
|c 1999
|
| 300 |
|
|
|a xx, 354 σ.
|b φωτ., εικ.
|c 30 εκ.
|
| 500 |
|
|
|a Οι πολύτιμες συλλογές της πινακοθήκης Ρόδου
|
| 504 |
|
|
|a Περιλαμβάνει βιβλιογραφία και ευρετήριο
|
| 650 |
|
4 |
|a Τέχνη
|y 20ός αιώνας
|z Ελλάδα
|9 5951
|
| 650 |
|
4 |
|a Ζωγραφική
|z Ελλάδα
|y 20ός αιώνας
|9 31953
|
| 650 |
|
4 |
|a Γλυπτική, Ελληνική
|z
|9 6368
|
| 650 |
|
4 |
|a Χαρακτική, Ελληνική
|9 6388
|
| 650 |
|
4 |
|a Μουσεία
|z Ελλάδα
|9 5448
|
| 650 |
|
4 |
|a Καλλιτέχνες
|9 6370
|
| 700 |
1 |
|
|a Λεβούνης, Γ.
|9 41470
|
| 852 |
|
|
|a GR-PaULI
|b ΠΑΤΡΑ
|b ΑΡΧΙΤΕΚΤΟΝΙΚΗ
|k ΑΣΧΕ-2
|h 709.04 ΚΑΜ
|m 003532
|p 025000118468
|t 1
|
| 942 |
|
|
|2 ddc
|c BK15
|
| 952 |
|
|
|0 0
|1 0
|4 0
|6 709_040000000000000_ΚΑΜ
|7 0
|9 41609
|a ARCH
|b ARCH
|d 2016-04-24
|i 003532
|l 2
|m 2
|o 709.04 ΚΑΜ
|p 025000118468
|r 2020-03-04 00:00:00
|s 2020-02-19
|t 1
|w 2016-04-24
|y BK15
|
| 998 |
|
|
|c Λοτσάρη
|d 2004-03
|
| 999 |
|
|
|c 26590
|d 26590
|